000 01572nam a22003137a 4500
001 8644
003 FISKH
005 20251007141814.0
008 251007b cb ||||| |||| 00| 0 eng d
020 _a9789996301049
040 _aFISKH
_bkhr
_cFISKH
_dFISKH
050 _aPZ7
082 _a895.966
100 _aSotheary, Kimsun
245 _aក្រុងសុភមិត្រ :
_bKrong Sopheakmit /
_cអ្នកស្រី គឹមស៊ុន សុធារី
260 _aPhnom Penh :
_bReading Books ,
_c2009.
300 _a24 pages :
_bcolor illustrations ;
_c25 cm.
490 _aពិភពរឿងនិទាន
505 _aK
520 _aព្រះក្រុងសុប្រមិត្រា ដែលបានបោះបង់សិរីរដ្ឋរបស់ខ្លួនឲ្យបងប្រុសโลភលន់ ដើម្បីជៀសវាងសង្គ្រាម ហើយក្រោយមក ទ្រង់បានឡើងជាព្រះមហាក្សត្រឡើងវិញនៅនគរតកសិលា។
520 _aKrung Subrhamitra who gave up his throne to his greedy brother to avoid war and later on, he became a king again at Takaksila kingdom.
521 8 _a510
_bLexile estimate
521 8 _aK
_bRaz-Plus
650 _aក្រុងសុភមិត្រ
_vអក្សរសិល្ប៏ខ្មែរ
650 _aKrong Sopheakmit
_vKhmer Literature
700 _aSan , Thai
_eIllustrator
942 _2ddc
_cKHB
_n0
999 _c8644
_d8644